000 00580nam a2200229Ia 4500
003 OSt
005 20220924153506.0
006 a|||||r|||| 00| 0
007 ta
008 220923b |||||||| |||| 00| 0 kan d
024 _a350370
037 _cTextual
040 _aARTS
_cARTS
_bkan
041 _2kan
_akan
082 _aY:351, 33N9
100 _aDande Veeranna Au.
_9228931
245 0 _aJanapadashastre siddhante galu
260 _c1999
650 _aSOCIOLOGY
942 _hY:351, 33N9
_cTEXL
_2CC
999 _c473744
_d473744